000 00904cam a2200277 a 4500
001 000004403
005 20250218125614.0
008 921123s2001 ck 000 f spa
020 _a8420484423
040 _aDO-SdBNP
_bspa
_cBNPHU
041 1 7 _aspa
_hpor
_2Código de idioma MARC
082 _aB869.34
_bS243e, 2001
100 1 _aSaramago, José,
_d1922-2010
_912950
240 1 0 _aO evangelho segundo Jesus Cristo.
_lEspañol
245 1 0 _aEvangelio según Jesucristo /
_cJosé Saramago ; traducción, Basilio Losada.
250 _a10a ed.
260 _aBogotá :
_bAlfaguara,
_c2001.
300 _a514 p. ;
_c22 cm.
440 0 _aBiblioteca.
_91648
534 _pTítulo original:
_tO evangelho segundo Jesus Cristo
650 4 _aNovela portuguesa
_912951
650 4 _aLiteratura portuguesa
_912952
700 1 _aLosada, Basilio,
_etr.
_912953
910 _aCatalogación derivada
910 _aWM
999 _c4212
_d4212